John Dewey's democracy and education: centennial handbook (Record no. 1434866)

MARC details
000 -LEADER
fixed length control field 00870nam a22002657a 4500
005 - DATE AND TIME OF LATEST TRANSACTION
control field 20250825152016.0
008 - FIXED-LENGTH DATA ELEMENTS--GENERAL INFORMATION
fixed length control field 250825b |||||||| |||| 00| 0 eng d
020 ## - INTERNATIONAL STANDARD BOOK NUMBER
International Standard Book Number 978-1-107-14030-1 (hbk)
037 ## - SOURCE OF ACQUISITION
Terms of availability TB
040 ## - CATALOGING SOURCE
Original cataloging agency CL
Transcribing agency CL
041 ## - LANGUAGE CODE
Source of code eng
Language code of text/sound track or separate title eng
084 ## - COLON CLASSIFICATION NUMBER
Classification number R3xM59:g Q7
Assigning agency CL
245 ## - TITLE STATEMENT
Title John Dewey's democracy and education: centennial handbook
260 ## - PUBLICATION, DISTRIBUTION, ETC.
Place of publication, distribution, etc. New York, USA:
Name of publisher, distributor, etc. Cambridge University Press,
Date of publication, distribution, etc. 2017.
300 ## - PHYSICAL DESCRIPTION
Extent xxiv,350p.
365 ## - TRADE PRICE
Price amount 79.99
Currency code UKP
650 ## - SUBJECT ADDED ENTRY--TOPICAL TERM
Source of heading or term DEMOCRACY
650 ## - SUBJECT ADDED ENTRY--TOPICAL TERM
Topical term or geographic name entry element DEWEY, JOHN
650 ## - SUBJECT ADDED ENTRY--TOPICAL TERM
Topical term or geographic name entry element EDUCATION
650 ## - SUBJECT ADDED ENTRY--TOPICAL TERM
Topical term or geographic name entry element PHILOSOPHY
700 ## - ADDED ENTRY--PERSONAL NAME
Personal name Waks, Leonard J.
Relator term Editor.
9 (RLIN) 818792
700 ## - ADDED ENTRY--PERSONAL NAME
Personal name English, Andrea R.
Relator term Editor.
9 (RLIN) 818793
942 ## - ADDED ENTRY ELEMENTS (KOHA)
Source of classification or shelving scheme Colon Classification (CC)
Koha item type Textbook
Classification part R3xM59:g Q7
Suppress in OPAC No
Holdings
Withdrawn status Lost status Source of classification or shelving scheme Damaged status Not for loan Home library Current library Date acquired Source of acquisition Cost, normal purchase price Inventory number Total Checkouts Full call number Barcode Date last seen Price effective from Koha item type
    Colon Classification (CC)     Central Library Central Library 2025-08-25 Excel Book International 79.99 002 & 07/09/2017   R3xM59:g Q7 CL1452796 2025-08-25 2025-08-25 Textbook
Copyright @ Delhi University Library System